Golda slept here / (Record no. 140064)
[ view plain ]
| 000 -LEADER | |
|---|---|
| fixed length control field | 00524nam a22001817a 4500 |
| 005 - DATE AND TIME OF LATEST TRANSACTION | |
| control field | 20170518124406.0 |
| 010 ## - LCCN (DPL NO) | |
| LC control number | ENG-118223 |
| 020 ## - INTERNATIONAL STANDARD BOOK NUMBER | |
| International Standard Book Number | 9788188965816 |
| Terms of availability | 300.00 |
| 035 ## - SYSTEM CONTROL NUMBER | |
| System control number | EN-101755 |
| 037 ## - SOURCE OF ACQUISITION | |
| Source of stock number/acquisition | DBAD/PUB |
| 082 ## - DEWEY DECIMAL CLASSIFICATION NUMBER | |
| Classification number | 956.940049274 |
| 100 ## - MAIN ENTRY--PERSONAL NAME | |
| Personal name | Amiry,Suad |
| 245 ## - TITLE STATEMENT | |
| Title | Golda slept here / |
| Statement of responsibility, etc | by Suad Amir |
| 260 ## - PUBLICATION, DISTRIBUTION, ETC. (IMPRINT) | |
| Place of publication, distribution, etc | New Delhi |
| Name of publisher, distributor, etc | Women Unlimited |
| Date of publication, distribution, etc | 2014 |
| 270 ## - ADDRESS | |
| Address | 7/10 Sarvapriya Vihar First Floor New Delhi 110016 |
| 300 ## - PHYSICAL DESCRIPTION | |
| Extent | 171p. |
| Dimensions | 22cm. (pbk) |
| 942 ## - ADDED ENTRY ELEMENTS (KOHA) | |
| Source of classification or shelving scheme | Dewey Decimal Classification |
| Item type | English Books |
| Classification part | 956.940049274 |
| Call number suffix | AMI |
| Withdrawn status | Lost status | Not for loan | Collection code | Home library | Current library | Date acquired | Source of acquisition | Cost, normal purchase price | Full call number | Barcode | Copy number | Cost, replacement price | Koha item type |
|---|---|---|---|---|---|---|---|---|---|---|---|---|---|
| Non-fiction | Shahdara Branch | Shahdara Branch | 18/05/2017 | DBAD/PUB | 300.00 | 956.940049274 AMI | EN-101755 | 1 | 300.00 | English Books |
